|
|
|
|
| LEADER |
00000nas a2200000 a 4500 |
| 001 |
ssj0017222 |
| 003 |
WaSeSS |
| 005 |
20200512172242.0 |
| 006 |
m d |
| 007 |
cr n |
| 008 |
010710c20029999pauqr pss 0 a0eng c |
| 010 |
|
|
|a 2001213394
|
| 022 |
|
|
|a 1536-0040
|l 1536-0040
|
| 035 |
|
|
|a (WaSeSS)ssj0017222
|
| 037 |
|
|
|b Society of Industrial and Applied Mathematics, 3600 University City Science Center, Philadelphia, PA 19104-2688
|c Free
|
| 040 |
|
|
|a NSD
|b eng
|c NSD
|d OCLCQ
|d MYG
|d WAU
|d NSD
|d OCLCQ
|d CUV
|d OCLCQ
|d OCLCF
|d OCLCO
|d OCLCQ
|d WT2
|d OCLCQ
|d AU@
|d OCLCQ
|d WaSeSS
|
| 042 |
|
|
|a pcc
|a nsdp
|
| 050 |
1 |
4 |
|a QA299.6
|
| 222 |
|
0 |
|a SIAM journal on applied dynamical systems
|
| 245 |
0 |
0 |
|a SIAM journal on applied dynamical systems
|h [electronic resource].
|
| 246 |
1 |
3 |
|a SIADS
|
| 246 |
3 |
|
|a Society of Industrial and Applied Mathematics journal on applied dynamical systems
|
| 260 |
|
|
|a Philadelphia, PA :
|b Society of Industrial and Applied Mathematics,
|c ©2002-
|
| 310 |
|
|
|a Quarterly
|
| 362 |
0 |
|
|a Vol. 1, no. 1 [2002]-
|
| 500 |
|
|
|a Title from table of contents page (viewed Apr. 10, 2002).
|
| 506 |
|
|
|a License restrictions may limit access.
|
| 538 |
|
|
|a Mode of access: World Wide Web.
|
| 650 |
|
0 |
|a Mathematical analysis
|v Periodicals.
|
| 650 |
|
7 |
|a Mathematical analysis.
|2 fast
|0 (OCoLC)fst01012068
|
| 655 |
|
0 |
|a Electronic journals.
|
| 710 |
2 |
|
|a Society for Industrial and Applied Mathematics.
|
| 856 |
4 |
0 |
|z Full text available from Research Library: 01/01/2002 to 07/31/2014
|u https://search.proquest.com/publication/666315
|